| 000 | 00368nam a2200121Ia 4500 | ||
|---|---|---|---|
| 008 | 231129s9999||||xx |||||||||||||| ||spa|| | ||
| 020 | _a978-958-8859-33-0 | ||
| 082 | _aDL658.8 A284g | ||
| 100 | _aAguirre Márquez Luis Alfonso. | ||
| 245 | 0 | _aGerencia práctica de Ventas | |
| 264 | _aPereira : Universidad Libre. | ||
| 942 |
_2ddc _cBKS |
||
| 999 |
_c14470 _d14470 |
||